Markets (Record no. 83634)

MARC details
000 -LEADER
fixed length control field 01212cab a22002055a 4500
001 - CONTROL NUMBER
control field L154466
008 - FIXED-LENGTH DATA ELEMENTS--GENERAL INFORMATION
fixed length control field 131211e2011 xxk 000 0 eng d
035 ## - SYSTEM CONTROL NUMBER
System control number (Sirsi) u154466
041 0# - LANGUAGE CODE
Language code of text/sound track or separate title eng
100 1# - MAIN ENTRY--PERSONAL NAME
Personal name Stewart, Sarah
245 00 - TITLE STATEMENT
Title Markets
Remainder of title South Wales
260 ## - PUBLICATION, DISTRIBUTION, ETC.
Date of publication, distribution, etc. 2011
490 #0 - SERIES STATEMENT
Series statement Property Week
Volume/sequential designation 77(49) 9 December 2011, 41-46(4)
520 ## - SUMMARY, ETC.
Summary, etc. Industry-led Wales Planning Consultants Forum created this month aims to change attitudes towards planning in Wales and to assist development. Looks at asset managers' strategies in the battle to maintain Welsh shopping centres' competitiveness: St David's Cardiff; Capitol Shopping Centre, Cardiff; Cwmbran Shopping Centre; and Kingsway, Newport. Stoford combines with German fund manager Union Investment to provide £60m for Admiral's new Cardiff HQ, the largest ever prelet office in Wales. South Wales property developer JR Smart starts second speculative property, 77 000sq ft Capital Quarter in Cardiff, to be completed in 2014.
590 ## - LOCAL NOTE (RLIN)
Local note KA
651 #4 - SUBJECT ADDED ENTRY--GEOGRAPHIC NAME
Geographic name South Wales
690 ## - LOCAL SUBJECT ADDED ENTRY--TOPICAL TERM (OCLC, RLIN)
Topical term or geographic name as entry element PROPERTY-COMMERCIAL PROPERTY-COMMERCIAL PROPERTY MARKET
690 ## - LOCAL SUBJECT ADDED ENTRY--TOPICAL TERM (OCLC, RLIN)
Topical term or geographic name as entry element PROPERTY-COMMERCIAL PROPERTY-COMMERCIAL PROPERTY FINANCE AND INVESTMENT
942 ## - ADDED ENTRY ELEMENTS (KOHA)
Suppress in OPAC 0
Holdings
Withdrawn status Lost status Source of classification or shelving scheme Damaged status Not for loan Home library Current library Shelving location Date acquired Total Checkouts Full call number Barcode Date last seen Copy number Price effective from Koha item type
    Dewey Decimal Classification     London London Journal article 11/12/2011   L154466 154466-1001 06/08/2019 1 06/08/2019 Journal article